000 01038cam a2200193 4500
001 L135977
008 061220n2006 000 0 eng u
035 _a(Sirsi) u135977
041 0 _aeng
110 1 _aUnited Kingdom
_bDepartment for Environment, Food and Rural Affairs
245 0 0 _aAir quality information
260 _aLondon
_bDEFRA
_c2006
520 _aDetails the fact that the National Air Quality Information Archive (www.airquality.co.uk) has been relaunched following its redesign. Explains that the site, which contains a huge amount of information and data on air quality in the United Kingdom, including the latest hours' and historic pollution levels back to the 1960s, is now more user friendly. Also provides Air Quality Freephone helpline number.
590 _aKA
651 4 _aUnited Kingdom
_y
690 _aENVIRONMENTAL AND LAND CONSULTANCY-SUSTAINABILITY-SUSTAINABLE DEVELOPMENT
856 4 0 _uhttps://www.defra.gov.uk/news/2006/061212a.htm
_zView article free of charge at www.defra.gov.uk...
942 _n0
999 _c106263
_d106263